[Event "SR 2. liga A 2018/2019"]
[Site "?"]
[Date "2018.10.13"]
[Round "1.3"]
[White "Kundrik, Peter"]
[Black "Kosnac, Patrik"]
[Result "1-0"]
[WhiteElo "2234"]
[BlackElo "1966"]
[PlyCount "79"]
[EventDate "2018.??.??"]
[WhiteTeam "SK Kupele Piestany"]
[BlackTeam "KS Pezinok"]

1. e4 e6 2. d4 d5 3. Nd2 dxe4 4. Nxe4 Nf6 5. Nxf6+ Qxf6 6. Nf3 h6 7. Bd3 Bd7 8.
Ne5 Bd6 9. Qe2 Bc6 10. Nxc6 Nxc6 11. c3 Ne7 12. O-O Ng6 13. Bxg6 Qxg6 14. Qb5+
Ke7 15. Qxb7 Qh5 16. g3 Qe2 17. Kg2 Rhb8 18. Qf3 Qxf3+ 19. Kxf3 c5 20. dxc5
Bxc5 21. Rd1 Rb5 22. c4 Rb7 23. b3 a5 24. Be3 Bxe3 25. Kxe3 a4 26. Rab1 Rab8
27. Rd3 Rb4 28. Rc3 Kd6 29. Kd3 Kc5 30. Kc2 Ra8 31. Rd3 Ra7 32. h4 h5 33. Rd8
Rc7 34. Kc3 Rcb7 35. Rbd1 R4b6 36. Rc8+ Rc6 37. b4+ Kb6 38. c5+ Kb5 39. Rxc6
Kxc6 40. Kc4 1-0

[Event "SR 2. liga A 2018/2019"]
[Site "?"]
[Date "2018.10.13"]
[Round "1.4"]
[White "Fuchs, Ladislav"]
[Black "Nemsak, Denis"]
[Result "0-1"]
[WhiteElo "1931"]
[BlackElo "1994"]
[PlyCount "110"]
[EventDate "2018.??.??"]
[WhiteTeam "KS Pezinok"]
[BlackTeam "SK Kupele Piestany"]

1. Nf3 f5 2. c4 Nf6 3. d4 g6 4. Nc3 Bg7 5. g3 O-O 6. Bg2 d6 7. O-O Qe8 8. d5
Na6 9. Nd4 Bd7 10. a3 c6 11. b4 Rc8 12. Bb2 Nc7 13. Qd3 cxd5 14. cxd5 Qf7 15.
Ne6 Nxe6 16. dxe6 Bxe6 17. Bxb7 Rc7 18. Bg2 Rfc8 19. Rac1 Bh6 20. f4 Bg7 21.
Kh1 Ne4 22. Nxe4 fxe4 23. Qb1 Ba2 24. Qa1 Bd5 25. Rxc7 Rxc7 26. Rc1 Rxc1+ 27.
Qxc1 Bxb2 28. Qxb2 e3 29. Qd4 Bxg2+ 30. Kxg2 Qb3 31. Qd3 Qe6 32. Kf3 Kf7 33.
Qxe3 Qh3 34. Qxa7 Qxh2 35. Qe3 Qh1+ 36. Kf2 Qh2+ 37. Kf3 Qh1+ 38. Kf2 Qh2+ 39.
Ke1 Qh1+ 40. Kd2 Qb1 41. Kc3 Qa2 42. Kd4 e6 43. Qd3 h5 44. Ke3 h4 45. gxh4 d5
46. Kd4 Qa1+ 47. Kc5 Qc1+ 48. Kb5 Ke7 49. Qxg6 Qc4+ 50. Kb6 Qxe2 51. Qg7+ Ke8
52. Qe5 Qxe5 53. fxe5 d4 54. h5 d3 55. h6 Kf7 0-1

[Event "SR 2. liga A 2018/2019"]
[Site "?"]
[Date "2018.10.13"]
[Round "1.5"]
[White "Matulik, Daniel"]
[Black "Hulla, Stanislav"]
[Result "1/2-1/2"]
[WhiteElo "2096"]
[BlackElo "1945"]
[PlyCount "33"]
[EventDate "2018.??.??"]
[WhiteTeam "SK Kupele Piestany"]
[BlackTeam "KS Pezinok"]

1. Nf3 Nf6 2. d4 d5 3. e3 e6 4. Bd3 Be7 5. O-O O-O 6. Ne5 c5 7. c3 b6 8. Nd2
Qc7 9. Qe2 a5 10. e4 Ba6 11. Nef3 Bxd3 12. Qxd3 dxe4 13. Nxe4 Nxe4 14. Qxe4 Nd7
15. Bf4 Bd6 16. Bxd6 Qxd6 17. Rfd1 1/2-1/2

[Event "SR 2. liga A 2018/2019"]
[Site "?"]
[Date "2018.10.13"]
[Round "1.6"]
[White "Srna, Jan"]
[Black "Mihalik, Marek"]
[Result "1/2-1/2"]
[WhiteElo "1926"]
[BlackElo "1989"]
[PlyCount "85"]
[EventDate "2018.??.??"]
[WhiteTeam "KS Pezinok"]
[BlackTeam "SK Kupele Piestany"]

1. d4 Nf6 2. b3 e6 3. Bb2 d5 4. a3 Bd6 5. Nf3 O-O 6. e3 c6 7. Bd3 Re8 8. Nbd2
Nbd7 9. Ne5 Nf8 10. f4 N6d7 11. Ndf3 f6 12. Nxd7 Bxd7 13. O-O Rc8 14. c4 Qe7
15. c5 Bb8 16. Qc2 Red8 17. Rae1 Be8 18. b4 Bg6 19. g3 Bxd3 20. Qxd3 f5 21. Rf2
Nd7 22. Rg2 Nf6 23. h3 Kh8 24. g4 g6 25. g5 Ne4 26. Nd2 Kg7 27. Nxe4 fxe4 28.
Qd1 h6 29. h4 hxg5 30. hxg5 Rh8 31. Qg4 Qf7 32. Ree2 Qf5 33. Qxf5 exf5 34. Rh2
Rxh2 35. Rxh2 Rh8 36. Rxh8 Kxh8 37. a4 Kg7 38. Bc3 Kf7 39. Kf2 Ke7 40. Ke2 Kd7
41. Kd1 Kc7 42. a5 b6 43. a6 1/2-1/2

[Event "SR 2. liga A 2018/2019"]
[Site "?"]
[Date "2018.10.13"]
[Round "1.7"]
[White "Manak, Adrian"]
[Black "Moravcik, Denis"]
[Result "1-0"]
[WhiteElo "1952"]
[BlackElo "1718"]
[PlyCount "95"]
[EventDate "2018.??.??"]
[WhiteTeam "SK Kupele Piestany"]
[BlackTeam "KS Pezinok"]

1. e4 e6 2. d4 d5 3. Nc3 Nf6 4. Bg5 Be7 5. e5 Nfd7 6. Bxe7 Qxe7 7. Nb5 Nb6 8.
a4 a6 9. a5 axb5 10. axb6 Rxa1 11. Qxa1 O-O 12. bxc7 Qxc7 13. c3 b4 14. Bd3
bxc3 15. bxc3 f6 16. exf6 Rxf6 17. Nf3 Nc6 18. O-O e5 19. Nxe5 Nxe5 20. dxe5
Qxe5 21. Re1 Qc7 22. Re8+ Kf7 23. Rh8 h6 24. g3 Qc5 25. Qe1 Re6 26. Qd2 Rf6 27.
Rd8 Bh3 28. Bb1 Be6 29. Ba2 Rf5 30. g4 Rf3 31. Rxd5 Qxc3 32. Rd7+ Kf6 33. Qxc3+
Rxc3 34. Bxe6 Kxe6 35. Rxg7 b5 36. Rg6+ Ke5 37. Rxh6 Kf4 38. Rb6 Kf3 39. h3
Rc1+ 40. Kh2 Kxf2 41. Rxb5 Kf3 42. Rf5+ Ke4 43. Kg3 Rc3+ 44. Kh4 Rc8 45. Rf6
Rh8+ 46. Kg3 Ke5 47. g5 Rc8 48. h4 1-0

[Event "SR 2. liga A 2018/2019"]
[Site "?"]
[Date "2018.10.13"]
[Round "1.8"]
[White "Scepan, Juraj"]
[Black "Slaba, Andrea"]
[Result "1/2-1/2"]
[WhiteElo "1718"]
[BlackElo "1932"]
[PlyCount "129"]
[EventDate "2018.??.??"]
[WhiteTeam "KS Pezinok"]
[BlackTeam "SK Kupele Piestany"]

1. e4 b6 2. d4 Bb7 3. Bd3 e6 4. Nf3 c5 5. c3 Nf6 6. Bg5 h6 7. Bxf6 gxf6 8. Qe2
Rg8 9. Rg1 cxd4 10. Nxd4 a6 11. Nd2 Qc7 12. g3 Nc6 13. N2b3 Ne5 14. O-O-O Nxd3+
15. Rxd3 O-O-O 16. Rgd1 Kb8 17. f3 h5 18. Qd2 d5 19. Nc2 Be7 20. exd5 Bxd5 21.
Qf2 a5 22. Ne3 Bb7 23. Nd4 Ba6 24. R3d2 Bb7 25. Qe2 e5 26. Ndf5 Rxd2 27. Rxd2
Bc5 28. Nd5 Bxd5 29. Rxd5 Qc8 30. Qd3 Kc7 31. a3 Qe6 32. b4 axb4 33. axb4 Bf8
34. Qc4+ Qc6 35. Qb3 Rg5 36. Ne3 Be7 37. c4 Bf8 38. Kb2 f5 39. Rxe5 Bg7 40.
Nd5+ Kb7 41. Qc3 f4 42. gxf4 Bxe5 43. fxe5 Rg2+ 44. Kb3 b5 45. Qd4 bxc4+ 46.
Kc3 Ra2 47. Qc5 Ra3+ 48. Kxc4 Qxc5+ 49. bxc5 Rxf3 50. Ne7 Rf2 51. Kd4 Rd2+ 52.
Ke4 Rxh2 53. Kf4 h4 54. Kg4 Re2 55. Nf5 Rxe5 56. Nd6+ Kc6 57. Nxf7 Re4+ 58. Kh3
Kxc5 59. Ng5 Ra4 60. Kh2 Kd6 61. Nf3 Ke6 62. Kh3 Ra3 63. Kg4 h3 64. Ng5+ Kf6
65. Nxh3 1/2-1/2

[Event "SR 2. liga A 2018/2019"]
[Site "?"]
[Date "2018.10.13"]
[Round "1.1"]
[White "Sosna, Jan"]
[Black "Banas, Kamil"]
[Result "1/2-1/2"]
[WhiteElo "2351"]
[BlackElo "2252"]
[PlyCount "81"]
[EventDate "2018.??.??"]
[WhiteTeam "SK Skalica"]
[BlackTeam "SK Modra B"]

1. d4 d5 2. Bf4 Nf6 3. e3 e6 4. Nd2 Bd6 5. Bg3 O-O 6. Ngf3 b6 7. c3 Ba6 8. Bxa6
Nxa6 9. Qe2 Nb8 10. e4 Be7 11. O-O c5 12. dxc5 Bxc5 13. Rad1 Nbd7 14. exd5 Nxd5
15. Ne4 Qc8 16. Ne5 N5f6 17. Nxd7 Nxd7 18. Qd3 Nb8 19. Nxc5 bxc5 20. Bd6 Rd8
21. Qg3 Nd7 22. Bc7 Re8 23. Rd2 e5 24. Rfd1 Re7 25. Bd6 Re6 26. Qf3 h6 27. Bc7
e4 28. Qf4 Re7 29. Bd6 Re8 30. h3 Qc6 31. Qf5 Rac8 32. Bg3 Nf8 33. Rd6 Qa4 34.
Qd5 Ne6 35. Rd7 Rcd8 36. Qb3 Qxd7 37. Rxd7 Rxd7 38. Qa4 Red8 39. Qxe4 Rd1+ 40.
Kh2 R1d2 41. Qb7 1/2-1/2

[Event "SR 2. liga A 2018/2019"]
[Site "?"]
[Date "2018.10.13"]
[Round "1.2"]
[White "Federic, Jozef"]
[Black "Kapusta, Petr"]
[Result "1/2-1/2"]
[WhiteElo "2223"]
[BlackElo "2244"]
[PlyCount "194"]
[EventDate "2018.??.??"]
[WhiteTeam "SK Modra B"]
[BlackTeam "SK Skalica"]

1. d4 Nf6 2. g3 g6 3. Bg2 Bg7 4. e4 d6 5. Ne2 O-O 6. O-O e5 7. dxe5 dxe5 8.
Nbc3 c6 9. Qxd8 Rxd8 10. Be3 Be6 11. Rfd1 Nbd7 12. h3 Bf8 13. Nc1 Nc5 14. Nb3
Bxb3 15. axb3 Rxd1+ 16. Rxd1 Ne6 17. Kf1 Bc5 18. Bxc5 Nxc5 19. b4 Ne6 20. Ne2
Kf8 21. h4 Ke7 22. c3 a5 23. Ra1 a4 24. Nc1 b5 25. Nd3 Nd7 26. Ke2 f6 27. f4 c5
28. f5 c4 29. fxe6 cxd3+ 30. Kxd3 Nb6 31. Kc2 Nc4 32. Bf1 Ne3+ 33. Kd3 Nxf1 34.
Rxf1 Rd8+ 35. Ke3 Kxe6 36. g4 h5 37. gxh5 gxh5 38. Rf5 Rd1 39. Rxh5 Rb1 40. Rh8
Rxb2 41. Rb8 a3 42. Rxb5 a2 43. Ra5 Rh2 44. Ra6+ Kd7 45. Kd3 Rh3+ 46. Kc4 Rxh4
47. Rxa2 Rxe4+ 48. Kd5 Re3 49. Ra7+ Kd8 50. c4 Rd3+ 51. Kc5 e4 52. Rf7 Rf3 53.
Kd6 Rd3+ 54. Kc6 Rd4 55. Kc5 e3 56. Rxf6 Re4 57. Rf1 e2 58. Re1 Kd7 59. Kd5 Re8
60. Kd4 Kd6 61. Kd3 Rb8 62. b5 Kc5 63. Rxe2 Kb4 64. Re4 Rd8+ 65. Ke3 Kc5 66.
Kf4 Rf8+ 67. Ke5 Re8+ 68. Kf4 Rf8+ 69. Kg5 Rf1 70. Rf4 Re1 71. Kg4 Rg1+ 72. Kf3
Rf1+ 73. Ke3 Re1+ 74. Kd3 Rd1+ 75. Kc2 Rg1 76. Kb3 Rb1+ 77. Kc3 Rc1+ 78. Kb2
Rh1 79. Re4 Rg1 80. Kc3 Rc1+ 81. Kd2 Rb1 82. Re1 Rb3 83. Re3 Rb1 84. Kc2 Rh1
85. Rc3 Kb4 86. Kb2 Rh2+ 87. Rc2 Rh8 88. Kb1 Rh1+ 89. Ka2 Rh8 90. b6 Ra8+ 91.
Kb1 Kc5 92. Ra2 Rb8 93. Rb2 Kxc4 94. b7 Kc5 95. Kc2 Kc6 96. Kc3 Rxb7 97. Rxb7
Kxb7 1/2-1/2

[Event "SR 2. liga A 2018/2019"]
[Site "?"]
[Date "2018.10.13"]
[Round "1.3"]
[White "Koutny, Petr"]
[Black "Mydlarik, Martin"]
[Result "1-0"]
[WhiteElo "2203"]
[BlackElo "2108"]
[PlyCount "97"]
[EventDate "2018.??.??"]
[WhiteTeam "SK Skalica"]
[BlackTeam "SK Modra B"]

1. e4 e6 2. d4 d5 3. e5 c5 4. c3 Nc6 5. Nf3 Qb6 6. Be2 cxd4 7. cxd4 Nge7 8. Na3
Nf5 9. Nc2 Be7 10. h4 h5 11. g3 Bd7 12. O-O O-O-O 13. Kg2 Rdf8 14. Bd3 Nh6 15.
b4 f6 16. b5 Na5 17. exf6 gxf6 18. Bf4 Bd6 19. Bxd6 Qxd6 20. Qd2 b6 21. Rac1
Nc4 22. Bxc4 dxc4 23. Ne3 Bxb5 24. Nxc4 Bxc4 25. Rxc4+ Kb8 26. Rfc1 Nf5 27. Rc6
Qd5 28. Qf4+ Ka8 29. a4 Rd8 30. a5 Nxd4 31. Qxd4 Qxd4 32. Nxd4 Rxd4 33. axb6
Re8 34. bxa7 Kxa7 35. Rb1 Rd5 36. Re1 e5 37. Rxf6 e4 38. Re3 Kb7 39. Kh3 Rde5
40. Rc3 Rg8 41. Kg2 Rg7 42. Rd6 Rge7 43. Rd4 Rb5 44. Re3 Rbe5 45. Rc4 Kb6 46.
Kh3 Kb5 47. Rc8 Kb4 48. Rc1 Rb5 49. Rb1+ 1-0

[Event "SR 2. liga A 2018/2019"]
[Site "?"]
[Date "2018.10.13"]
[Round "1.4"]
[White "Bochnicka, Vladimir ml"]
[Black "Husek, Martin"]
[Result "0-1"]
[WhiteElo "2067"]
[BlackElo "2134"]
[PlyCount "170"]
[EventDate "2018.??.??"]
[WhiteTeam "SK Modra B"]
[BlackTeam "SK Skalica"]

1. e4 c5 2. Nf3 e6 3. d4 cxd4 4. Nxd4 Nc6 5. Nc3 Qc7 6. g3 a6 7. Bg2 d6 8. O-O
Bd7 9. Re1 Be7 10. Nb3 b5 11. a3 Nf6 12. f4 Rc8 13. Be3 O-O 14. g4 Be8 15. g5
Nd7 16. Qg4 Nb6 17. Rad1 Nc4 18. Bc1 b4 19. axb4 Nxb4 20. Re2 Bd7 21. Kh1 f6
22. h4 fxg5 23. hxg5 g6 24. Bf1 e5 25. Qh4 exf4 26. Rh2 h5 27. Rd4 Ne3 28. Be2
f3 29. Bxe3 fxe2 30. Rxe2 Nc6 31. Rd1 Bg4 32. Nd5 Qd8 33. Red2 Bf3+ 34. Kg1
Bxd1 35. Rxd1 Ne5 36. Nd4 Nf3+ 37. Nxf3 Rxf3 38. c3 Rf7 39. Kh1 Qf8 40. Qh3 Kh7
41. Kg2 Rb8 42. b4 Qc8 43. Qxc8 Rxc8 44. Ra1 Rc4 45. Bd4 Bxg5 46. Rxa6 Bf4 47.
Nxf4 Rxf4 48. Rxd6 Rxe4 49. b5 Re7 50. Rd8 Kh6 51. Rb8 Kg5 52. b6 Kg4 53. b7
Rcc7 54. Rg8 Rxb7 55. Rxg6+ Kf5 56. Rf6+ Kg5 57. Rf8 Rf7 58. Rg8+ Kf4 59. Rh8
Rh7 60. Rf8+ Rbf7 61. Re8 h4 62. Kh3 Rf5 63. Rg8 Rb5 64. Rf8+ Rf5 65. Rg8 Kf3
66. Rg1 Ke2 67. Rg2+ Kd3 68. Kg4 Rf8 69. Kh3 Rf3+ 70. Kg4 Rf1 71. Rh2 Ke4 72.
Re2+ Kd5 73. Rh2 Re1 74. Kh3 Re6 75. Rd2 Ke4 76. Re2+ Kf5 77. Rxe6 Kxe6 78. Bf2
Kf5 79. Bxh4 Kf4 80. c4 Kf3 81. c5 Rh5 82. c6 Rh7 83. c7 Rxc7 84. Kh2 Rh7 85.
Kh3 Rh6 0-1

[Event "SR 2. liga A 2018/2019"]
[Site "?"]
[Date "2018.10.13"]
[Round "1.5"]
[White "Kucharek, Jaroslav"]
[Black "Sobek, Michal"]
[Result "1/2-1/2"]
[WhiteElo "2046"]
[BlackElo "2012"]
[PlyCount "67"]
[EventDate "2018.??.??"]
[WhiteTeam "SK Skalica"]
[BlackTeam "SK Modra B"]

1. d4 Nf6 2. c4 c5 3. Nf3 g6 4. g3 Bg7 5. Bg2 O-O 6. O-O cxd4 7. Nxd4 Nc6 8.
Nc3 Nxd4 9. Qxd4 d6 10. Qd2 a6 11. b3 d5 12. cxd5 Qa5 13. Bb2 Rd8 14. Rfd1 Be6
15. e4 Rac8 16. Na4 Qxd2 17. Rxd2 b5 18. Nc3 Rxc3 19. Bxc3 Nxe4 20. Bxe4 Bxc3
21. Rad1 Bxd2 22. dxe6 fxe6 23. Kf1 Rd4 24. f3 e5 25. Ke2 Bc3 26. h4 Kf7 27. h5
gxh5 28. Bxh7 Kf6 29. Rxd4 exd4 30. Bd3 e5 31. a4 bxa4 32. bxa4 a5 33. Bb5 Ke6
34. Be8 1/2-1/2

[Event "SR 2. liga A 2018/2019"]
[Site "?"]
[Date "2018.10.13"]
[Round "1.6"]
[White "Bochnickova, Andrea"]
[Black "Londin, Martin"]
[Result "1-0"]
[WhiteElo "2079"]
[BlackElo "1923"]
[PlyCount "119"]
[EventDate "2018.??.??"]
[WhiteTeam "SK Modra B"]
[BlackTeam "SK Skalica"]

1. e4 b6 2. d4 Bb7 3. Nc3 e6 4. Bd3 Nf6 5. Qe2 Bb4 6. Bd2 c5 7. Nf3 d5 8. exd5
Nxd5 9. Bb5+ Bc6 10. Ne5 Bxb5 11. Qxb5+ Kf8 12. dxc5 Bxc5 13. O-O-O f6 14. Nxd5
Qxd5 15. Nd3 Qxa2 16. Bb4 Be7 17. Rhe1 Kf7 18. Bxe7 Kxe7 19. Qb4+ Kf7 20. Qe4
Nd7 21. Nb4 Qa1+ 22. Kd2 Qa4 23. Qxe6+ Kg6 24. Qg4+ Kf7 25. Qc4+ Kg6 26. b3 Qa5
27. Qg4+ Qg5+ 28. Qxg5+ fxg5 29. Re7 Nc5 30. Nc6 a5 31. Rde1 h6 32. Rc7 Rhe8
33. Ree7 Rxe7 34. Nxe7+ Kh7 35. Nf5 Rd8+ 36. Kc3 Kg6 37. g4 Nd7 38. h3 Kf6 39.
Rc6+ Kf7 40. Rd6 Rc8+ 41. Kd4 Rc7 42. c4 Ra7 43. f3 Rc7 44. Ng3 Rb7 45. Ne4 Rc7
46. Kd5 Ra7 47. Kc6 Ke7 48. Kb5 Nc5 49. Kxb6 Nxe4 50. fxe4 Ra8 51. Kb7 Rf8 52.
Rd5 Rf3 53. Rb5 Rxh3 54. c5 h5 55. gxh5 g4 56. c6 Rc3 57. c7 g3 58. c8=Q Rxc8
59. Kxc8 Kf6 60. Rf5+ 1-0

[Event "SR 2. liga A 2018/2019"]
[Site "?"]
[Date "2018.10.13"]
[Round "1.7"]
[White "Hrubsa, Marian"]
[Black "Sandor, Martin"]
[Result "1/2-1/2"]
[WhiteElo "1925"]
[BlackElo "1984"]
[PlyCount "81"]
[EventDate "2018.??.??"]
[WhiteTeam "SK Skalica"]
[BlackTeam "SK Modra B"]

1. e4 c5 2. Nf3 d6 3. d4 cxd4 4. Nxd4 Nf6 5. Nc3 a6 6. Be2 e5 7. Nb3 Be7 8. Be3
Be6 9. O-O Nbd7 10. f3 b5 11. a3 Nb6 12. Nd2 d5 13. exd5 Nbxd5 14. Nxd5 Nxd5
15. Bf2 O-O 16. c4 bxc4 17. Nxc4 f6 18. Re1 Qc7 19. Rc1 Bc5 20. Bxc5 Qxc5+ 21.
Kh1 Nf4 22. Nd6 Qf2 23. Bf1 Rfd8 24. b4 Qa7 25. Qd2 Qe7 26. Red1 Rd7 27. g3
Rad8 28. Rc8 Rxc8 29. Nxc8 Qd8 30. Nd6 Nd5 31. Bh3 Rxd6 32. Bxe6+ Rxe6 33. Qxd5
Qxd5 34. Rxd5 Rc6 35. Kg2 Kf7 36. Rd7+ Kg6 37. Ra7 Rd6 38. Kf2 h6 39. Ke3 h5
40. Rb7 Rc6 41. Kd2 1/2-1/2

[Event "SR 2. liga A 2018/2019"]
[Site "?"]
[Date "2018.10.13"]
[Round "1.8"]
[White "Sustak, Roman"]
[Black "Harastova, Viera"]
[Result "1/2-1/2"]
[WhiteElo "1918"]
[BlackElo "1816"]
[PlyCount "110"]
[EventDate "2018.??.??"]
[WhiteTeam "SK Modra B"]
[BlackTeam "SK Skalica"]

1. Nf3 Nc6 2. d4 d5 3. c4 e6 4. Nc3 Nf6 5. Bg5 Be7 6. e3 h6 7. Bh4 O-O 8. a3 a6
9. Rc1 Nb8 10. Bd3 dxc4 11. Bxc4 b5 12. Ba2 Bb7 13. O-O Nbd7 14. b4 Ne4 15.
Bxe7 Qxe7 16. Bb1 Nxc3 17. Rxc3 Nf6 18. Ne5 Rfc8 19. Nc6 Qd7 20. Qc2 Bxc6 21.
Rxc6 g6 22. Rc1 Nd5 23. Ba2 a5 24. bxa5 Rxa5 25. Qc5 Ne7 26. Rxc7 Rxc7 27. Qxc7
Qxc7 28. Rxc7 Kf8 29. Rc3 b4 30. Rb3 Rxa3 31. Rb2 Nd5 32. g3 Nc3 33. Bc4 Ra1+
34. Kg2 Rb1 35. Rc2 Ke7 36. Bd3 Rb3 37. Bc4 Rb1 38. Bd3 Rb3 39. Kf3 Kf6 40. Bc4
Rb1 41. h4 g5 42. hxg5+ Kxg5 43. e4 Rd1 44. Ke3 Re1+ 45. Be2 b3 46. Rxc3 b2 47.
Rc5+ Kf6 48. Rb5 b1=Q 49. Rxb1 Rxb1 50. f4 Rb3+ 51. Bd3 Ke7 52. g4 f6 53. Kd2
Ra3 54. Ke3 Rb3 55. Kd2 Ra3 1/2-1/2

[Event "SR 2. liga A 2018/2019"]
[Site "?"]
[Date "2018.10.13"]
[Round "1.1"]
[White "Smolen, Jan"]
[Black "Farkas, Gabor"]
[Result "1/2-1/2"]
[WhiteElo "2423"]
[BlackElo "2363"]
[PlyCount "109"]
[EventDate "2018.??.??"]
[WhiteTeam "SK Doprastav"]
[BlackTeam "SK Senec"]

1. Nf3 Nf6 2. c4 g6 3. Nc3 Bg7 4. g3 O-O 5. Bg2 d6 6. O-O e5 7. d3 Nc6 8. Rb1
Re8 9. b4 h6 10. b5 Nd4 11. Nd2 Ne6 12. a4 Nc5 13. a5 a6 14. b6 cxb6 15. axb6
Bg4 16. h3 Be6 17. Ba3 Nfd7 18. Nde4 Bf8 19. Nxc5 dxc5 20. Nd5 Bxd5 21. Bxd5
Rb8 22. Qb3 Kg7 23. f4 exf4 24. Rxf4 f6 25. e4 Bd6 26. Rf3 Ne5 27. Rf2 Qd7 28.
Kg2 Nc6 29. Rbf1 Nd4 30. Qc3 Rf8 31. e5 Bxe5 32. Bxc5 Nf5 33. d4 Bd6 34. Bxd6
Nxd6 35. Re2 Rbe8 36. Rfe1 Rxe2+ 37. Rxe2 Nf5 38. g4 Ne7 39. Bf3 Nc6 40. d5 Ne5
41. c5 Qb5 42. Rb2 Qa4 43. c6 Nxf3 44. Qxf3 Qd4 45. Re2 Qxb6 46. Re7+ Rf7 47.
Qe2 bxc6 48. Rxf7+ Kxf7 49. Qe6+ Kg7 50. Qd7+ Kf8 51. dxc6 Qb2+ 52. Kf1 Qc1+
53. Ke2 Qc2+ 54. Kf3 Qc3+ 55. Ke2 1/2-1/2

[Event "SR 2. liga A 2018/2019"]
[Site "?"]
[Date "2018.10.13"]
[Round "1.2"]
[White "Balogh, Peter"]
[Black "Sahidi, Samir"]
[Result "1-0"]
[WhiteElo "2270"]
[BlackElo "2315"]
[PlyCount "119"]
[EventDate "2018.??.??"]
[WhiteTeam "SK Senec"]
[BlackTeam "SK Doprastav"]

1. d4 Nf6 2. c4 g6 3. Nc3 Bg7 4. e4 d6 5. f3 Nbd7 6. Be3 e5 7. d5 Nh5 8. Qd2
O-O 9. O-O-O a6 10. Kb1 Qe8 11. Nge2 f5 12. Nc1 fxe4 13. Nxe4 Ndf6 14. Bd3 Nf4
15. Nxf6+ Rxf6 16. Be4 Bf5 17. Nd3 Bh6 18. Nf2 Bg7 19. g3 Nh3 20. Nxh3 Bxh3 21.
g4 h5 22. Bg5 Rf8 23. Rhg1 hxg4 24. fxg4 Qd7 25. Qe2 Bf6 26. Bxf6 Rxf6 27. Rg3
Rf4 28. Rxh3 Qxg4 29. Qxg4 Rxg4 30. Re1 Rf8 31. Rg3 Rxg3 32. hxg3 Kg7 33. Re2
Kh6 34. Kc2 Kg5 35. Kd3 Rf6 36. Ke3 Rf7 37. Rh2 b6 38. b4 Kg4 39. Rf2 Rg7 40.
Rf6 Kxg3 41. Rxg6+ Rxg6 42. Bxg6 Kg4 43. Ke4 Kg5 44. Bf5 a5 45. bxa5 bxa5 46.
Be6 Kf6 47. a4 c5 48. Kf3 Kg5 49. Bd7 Kh5 50. Kg3 Kg5 51. Bg4 Kf6 52. Kh4 e4
53. Be2 Ke5 54. Kg4 Kd4 55. Kf5 Kc3 56. Kxe4 Kb3 57. Kd3 Kb2 58. Bg4 Kb3 59.
Bd7 Kb4 60. Bb5 1-0

[Event "SR 2. liga A 2018/2019"]
[Site "?"]
[Date "2018.10.13"]
[Round "1.3"]
[White "Schwarz, Dusan"]
[Black "Gruca, Miroslav"]
[Result "1-0"]
[WhiteElo "2293"]
[BlackElo "2180"]
[PlyCount "85"]
[EventDate "2018.??.??"]
[WhiteTeam "SK Doprastav"]
[BlackTeam "SK Senec"]

1. d4 b6 2. e4 Bb7 3. Bd3 e6 4. Nf3 Nf6 5. Nbd2 c5 6. c3 Nc6 7. a3 Be7 8. O-O
O-O 9. Re1 Qc7 10. e5 Ne8 11. Ne4 cxd4 12. cxd4 f5 13. exf6 Nxf6 14. Nfg5 Nxe4
15. Bxe4 Bxg5 16. Bxg5 Nd8 17. Rc1 Qd6 18. Bxd8 Bxe4 19. Bc7 Qd5 20. Qg4 Bf5
21. Qg3 Rf6 22. Qe5 Rg6 23. Qxd5 exd5 24. Re3 Re6 25. Rxe6 dxe6 26. Be5 Rf8 27.
f3 h5 28. h3 Rf7 29. Rc6 Re7 30. Kf2 Bd3 31. Kg3 Kf7 32. Kh4 g6 33. Kg5 Bf1 34.
Rc2 Bc4 35. g4 hxg4 36. fxg4 Bd3 37. Rc3 Be4 38. h4 b5 39. Rc8 Re8 40. Rc5 Bd3
41. Bd6 a5 42. Rc7+ Kg8 43. Kf6 1-0

[Event "SR 2. liga A 2018/2019"]
[Site "?"]
[Date "2018.10.13"]
[Round "1.4"]
[White "Kalmar, Tamas"]
[Black "Orosi, Peter"]
[Result "1-0"]
[WhiteElo "2099"]
[BlackElo "2071"]
[PlyCount "63"]
[EventDate "2018.??.??"]
[WhiteTeam "SK Senec"]
[BlackTeam "SK Doprastav"]

1. d4 d5 2. c4 e6 3. Nc3 Nf6 4. Bg5 Be7 5. e3 Nbd7 6. Nf3 h6 7. Bh4 b6 8. cxd5
exd5 9. Be2 O-O 10. O-O Bb7 11. Rc1 Rc8 12. Qa4 a6 13. b4 c5 14. bxc5 bxc5 15.
dxc5 Nxc5 16. Qd4 Ne6 17. Qd3 Qa5 18. Nd4 Nxd4 19. Qxd4 Rc6 20. Bd3 Rfc8 21.
Ne2 Rxc1 22. Nxc1 Qc3 23. Nb3 g5 24. Bg3 a5 25. Be5 Ne4 26. Qxc3 Nxc3 27. Nxa5
Ba8 28. Ba6 Rc5 29. Nb3 Rc6 30. Bd3 Nxa2 31. Ra1 Rb6 32. Rxa2 1-0

[Event "SR 2. liga A 2018/2019"]
[Site "?"]
[Date "2018.10.13"]
[Round "1.5"]
[White "Macka, Oto"]
[Black "Merva, Frantisek"]
[Result "1-0"]
[WhiteElo "2034"]
[BlackElo "2094"]
[PlyCount "93"]
[EventDate "2018.??.??"]
[WhiteTeam "SK Doprastav"]
[BlackTeam "SK Senec"]

1. Nf3 d5 2. g3 c6 3. Bg2 Bf5 4. O-O e6 5. d3 h6 6. b3 Nf6 7. Bb2 Be7 8. Nbd2
O-O 9. Re1 a5 10. e4 Bh7 11. a3 Na6 12. e5 Nd7 13. Qe2 Bg6 14. h3 Nc7 15. Nh2
f5 16. exf6 Bxf6 17. Bxf6 Qxf6 18. Ng4 Qc3 19. Nf3 Bh5 20. Qd2 Qxd2 21. Nxd2
Bxg4 22. hxg4 Kf7 23. Nf3 Kf6 24. d4 a4 25. b4 Rae8 26. Ne5 Nxe5 27. dxe5+ Ke7
28. Re3 Nb5 29. Bf1 Rc8 30. Rd1 d4 31. Red3 Rfd8 32. Rf3 Nc3 33. Re1 c5 34.
bxc5 Rxc5 35. Bd3 Rcc8 36. Rf4 Rd5 37. g5 h5 38. Rh4 Rh8 39. g4 b5 40. gxh5
Rdd8 41. Kg2 b4 42. axb4 a3 43. Ra1 a2 44. h6 gxh6 45. gxh6 Nd5 46. Rxa2 Nxb4
47. Ra7+ 1-0

[Event "SR 2. liga A 2018/2019"]
[Site "?"]
[Date "2018.10.13"]
[Round "1.6"]
[White "Koloditsova, Renata"]
[Black "Bednar, Jan"]
[Result "0-1"]
[WhiteElo "1911"]
[BlackElo "1986"]
[PlyCount "72"]
[EventDate "2018.??.??"]
[WhiteTeam "SK Senec"]
[BlackTeam "SK Doprastav"]

1. d4 Nf6 2. g3 e6 3. c4 c5 4. d5 exd5 5. cxd5 b5 6. Bg2 Bb7 7. Nh3 d6 8. O-O
g6 9. e4 Bg7 10. Qe2 O-O 11. Re1 a6 12. a4 Re8 13. Qd1 Nbd7 14. axb5 axb5 15.
Rxa8 Qxa8 16. Nc3 Ba6 17. f3 b4 18. Ne2 c4 19. Nef4 Nc5 20. Kh1 Nfd7 21. Nf2
Bb5 22. Bd2 c3 23. bxc3 bxc3 24. Be3 Qa2 25. Bf1 c2 26. Qd2 Nb3 27. Qb4 Bxf1
28. Rxf1 c1=Q 29. Bxc1 Nxc1 30. Qxd6 Ne5 31. Qc5 Nb3 32. Qb5 Ra8 33. d6 Nd2 34.
Rd1 Ndxf3 35. d7 Nxd7 36. Rxd7 Qxf2 0-1

[Event "SR 2. liga A 2018/2019"]
[Site "?"]
[Date "2018.10.13"]
[Round "1.7"]
[White "Helbich, Branislav"]
[Black "Lesny, Stefan"]
[Result "1/2-1/2"]
[WhiteElo "1961"]
[BlackElo "2037"]
[PlyCount "40"]
[EventDate "2018.??.??"]
[WhiteTeam "SK Doprastav"]
[BlackTeam "SK Senec"]

1. e4 e5 2. Nf3 Nf6 3. d3 Nc6 4. c3 d6 5. Be2 Ne7 6. O-O Ng6 7. Re1 Be7 8. Qc2
O-O 9. d4 c6 10. Nbd2 Qc7 11. c4 Nf4 12. Bf1 Ne6 13. Nb3 c5 14. d5 Nd4 15.
Nbxd4 cxd4 16. Bd3 h6 17. Kh1 Bd7 18. Qe2 Nh7 19. Bd2 f5 20. Rec1 b6 1/2-1/2

[Event "SR 2. liga A 2018/2019"]
[Site "?"]
[Date "2018.10.13"]
[Round "1.8"]
[White "Pusec, Pavel"]
[Black "Jelenciak, Jozef"]
[Result "1/2-1/2"]
[WhiteElo "1935"]
[BlackElo "1883"]
[PlyCount "37"]
[EventDate "2018.??.??"]
[WhiteTeam "SK Senec"]
[BlackTeam "SK Doprastav"]

1. d4 f5 2. c4 Nf6 3. Nc3 e6 4. Nf3 Be7 5. e3 d5 6. Ne5 c6 7. Be2 O-O 8. O-O
Nbd7 9. f4 Ne4 10. Nxe4 fxe4 11. Bd2 c5 12. Nxd7 Bxd7 13. dxc5 Bxc5 14. b4 Be7
15. Bc3 Be8 16. Qb3 Bf7 17. Qb2 Bf6 18. Bxf6 Qxf6 19. Qxf6 1/2-1/2

[Event "SR 2. liga A 2018/2019"]
[Site "?"]
[Date "2018.10.13"]
[Round "1.1"]
[White "Sosovicka, Jakub"]
[Black "Kavon, Rastislav"]
[Result "1/2-1/2"]
[WhiteElo "2140"]
[BlackElo "2184"]
[PlyCount "80"]
[EventDate "2018.??.??"]
[WhiteTeam "SK Krasnany"]
[BlackTeam "Lokomotiva Trnava"]

1. e4 e5 2. Nf3 Nc6 3. Bc4 Bc5 4. c3 Nf6 5. d3 d6 6. O-O O-O 7. a4 a5 8. h3 h6
9. Re1 Bb6 10. Nbd2 Ne7 11. Nf1 Ng6 12. Ng3 c6 13. Bb3 d5 14. exd5 Nxd5 15. d4
exd4 16. Nxd4 Bc7 17. Ne4 Ndf4 18. Bxf4 Nxf4 19. Qf3 Qh4 20. Rad1 Qh5 21. Qxh5
Nxh5 22. Nf3 Nf4 23. Nd6 Be6 24. Bxe6 Nxe6 25. Ne5 Rad8 26. Nec4 b6 27. b3 Rd7
28. Ne4 Rfd8 29. Rxd7 Rxd7 30. g3 Kf8 31. Kf1 Ke7 32. Ne3 g6 33. Ke2 f5 34. Nd2
Nc5 35. Nec4 Kf6 36. Ra1 b5 37. axb5 cxb5 38. b4 Na4 39. Nxa5 Nxc3+ 40. Ke1 Bb6
1/2-1/2